000 00307nam a22001337a 4500
008 181017b xxu||||| |||| 00| 0 eng d
020 _a9781557989758
041 _aeng
080 _a371
100 _a46
101 _aEDU
245 _aGetting Mentored in Graduate School
_cJohnson,W.B
942 _2udc
_cBK
999 _c50061
_d50061